Podnikanie, inovácie, spoločnosť [zborník príspevkov z 5. Medzinárodnej vedeckej konferencie Podnikanie a inovácie podnikateľských aktivít konanej v apríli 2010 v Novej Ľubovni]

Gespeichert in:
Bibliographische Detailangaben
Körperschaft: Podnikanie a inovácie podnikateľských aktivít. Medzinárodná vedecká konferencia
Weitere Verfasser: Vološin, Martin, Storoška, Marek
Format: Buch
Sprache:Slowakisch
Englisch
Polnisch
Veröffentlicht: Prešov Vysoká škola medzinárodného podnikania ISM Slovakia v Prešove 2010
Schlagworte:
Tags: Tag hinzufügen
Keine Tags, Fügen Sie das erste Tag hinzu!

MARC

LEADER 00000nam a2200000 4500
001 0150736
005 20240109072221.7
020 |a 978-80-89372-28-7 
041 0 |a slo 
041 0 |a eng 
041 0 |a pol 
044 |a SK 
245 1 0 |a Podnikanie, inovácie, spoločnosť  |b [zborník príspevkov z 5. Medzinárodnej vedeckej konferencie Podnikanie a inovácie podnikateľských aktivít konanej v apríli 2010 v Novej Ľubovni]  |c editori Martin Vološin, Marek Storoška 
264 1 |a Prešov  |b Vysoká škola medzinárodného podnikania ISM Slovakia v Prešove  |c 2010 
300 |a 209 s. 
610 2 0 |a podnikanie 
610 2 0 |a inovácia 
610 2 0 |a spoločnosť vedomostná 
610 2 0 |a nezamestnanosť 
610 2 0 |a rodina 
610 2 0 |a vzdelávanie celoživotné 
610 2 0 |a vzdelávanie dospelých 
610 2 0 |a zdaňovanie 
610 2 0 |a biopotraviny 
610 2 0 |a priemysel strojársky 
610 2 0 |a výdavky verejné 
700 1 |a Vološin, Martin 
700 1 |a Storoška, Marek 
110 2 |a Podnikanie a inovácie podnikateľských aktivít. Medzinárodná vedecká konferencia